Shakespeare Plays in Chronological Order, with Hints - Statistics

General Stats
  • This quiz has been taken 65 times
  • The average score is 26 of 36
Answer Stats
Year Title % Correct
1599-1601 Hamlet
97%
1599 Julius Caesar
94%
1603-6 King Lear
91%
1603-6 Macbeth
91%
1591-5 Romeo and Juliet
91%
1603 Othello
88%
1599 Henry V
85%
1597 Henry IV, Part 1
82%
1596-9 Henry IV, Part 2
82%
1591 Henry VI, Part 1
82%
1591 Henry VI, Part 2
82%
1591 Henry VI, Part 3
82%
1595-6 A Midsummer Night's Dream
79%
1595 Richard II
79%
1592-4 Richard III
79%
1606-7 Antony and Cleopatra
76%
1613 Henry VIII
76%
1610-1* The Tempest
76%
1601-2 Twelfth Night
76%
1605-8 Coriolanus
73%
1590-2 The Taming of the Shrew
73%
1599 As You Like It
70%
1593-7 King John
70%
1596-8 The Merchant of Venice
70%
1598-9 Much Ado About Nothing
67%
1588-93 Titus Andronicus
67%
1594 The Comedy of Errors
64%
1597 The Merry Wives of Windsor
64%
1598-1608 All's Well That Ends Well
61%
1610-1* The Winter's Tale
61%
1611* Cymbeline
58%
1593-7 Love's Labour's Lost
58%
1603-4 Measure for Measure
55%
1606 Timon of Athens
55%
1589-93 The Two Gentlemen of Verona
52%
1602 Troilus and Cressida
52%
No matching quizzes found
Score Distribution
Percent of People with Each Score
Percentile by Number Answered
Your Score History
You have not taken this quiz